000
00342nam a2200145Ia 4500
008
230718s9999 xx 000 0 und d
041
_a
Eng.
082
_a
340
_b
FIZ-S
100
_a
Fizgerald. A.M P. J
245
0
_a
Salmond on Jucis fordre
260
_a
Pakistan
_b
Intan tawi kallio
_c
2000
300
_a
461
650
_a
Law
999
_c
29061
_d
29061